书目信息 |
| 题名: |
设计摄影
|
|
| 作者: | 杨谦 编著 | |
| 分册: | ||
| 出版信息: | 南京 江苏美术出版社 1996.10 |
|
| 页数: | 96页 | |
| 开本: | 32开 | |
| 丛书名: | ||
| 单 册: | ||
| 中图分类: | J412.9 | |
| 科图分类: | ||
| 主题词: | 摄影技术--普及读物 , 摄影艺术--各种 | |
| 电子资源: | ||
| ISBN: | 7-5344-0607-2 | |
| 000 | 00568nam0 2200205 45 | |
| 001 | 0011211971 | |
| 005 | 20001121190919.8 | |
| 010 | @a7-5344-0607-2@d48.00元 | |
| 100 | @a20001121d1996 km y0chiy0120 ea | |
| 101 | 0 | @achi |
| 105 | @a z 000yy | |
| 200 | 1 | @a设计摄影@AShe Ji She Ying@f杨谦编著@FYang Qian Bian Zhu |
| 210 | @a南京@c江苏美术出版社@d1996.10 | |
| 215 | @a96页@d32开 | |
| 606 | 0 | @a摄影技术@x普及读物 |
| 606 | 0 | @a摄影艺术@x各种 |
| 690 | @aJ412.9@v3 | |
| 701 | 0 | @a杨谦@4编著 |
| 801 | @aCN@bPftUser@c20001121 | |
| 905 | @b419919-928@dJ412.9@eY.458@f10 | |
| 设计摄影/杨谦编著.-南京:江苏美术出版社,1996.10 |
| 96页;32开 |
| ISBN 7-5344-0607-2:48.00元 |
| ● |
| 相关链接 |
|
|
|
正题名:设计摄影
索取号:J412.9/Y.458
 
预约/预借
| 序号 | 登录号 | 条形码 | 馆藏地/架位号 | 状态 | 备注 |
| 1 | 419919 | 204199198 | 自科二线404/404自科库 4排1列3层/ [索取号:J412.9/Y.458] | 在馆 | |
| 2 | 419920 | 204199205 | 自科二线404/404自科库 4排1列3层/ [索取号:J412.9/Y.458] | 在馆 | |
| 3 | 419921 | 204199214 | 自科二线404/309社科库 84排1列2层/ [索取号:J412.9/Y.458] | 在馆 | |
| 4 | 419922 | 204199223 | 自科二线404/404自科库 4排1列3层/ [索取号:J412.9/Y.458] | 在馆 | |
| 5 | 419923 | 204199232 | 自科二线404/309社科库 84排1列2层/ [索取号:J412.9/Y.458] | 在馆 | |
| 6 | 419924 | 204199241 | 自科二线404/404自科库 4排1列3层/ [索取号:J412.9/Y.458] | 在馆 | |
| 7 | 419925 | 204199250 | 自科二线404/309社科库 84排1列2层/ [索取号:J412.9/Y.458] | 在馆 | |
| 8 | 419926 | 204199269 | 自科二线404/309社科库 84排1列2层/ [索取号:J412.9/Y.458] | 在馆 | |
| 9 | 419927 | 204199278 | 自科二线404/404自科库 4排1列3层/ [索取号:J412.9/Y.458] | 在馆 | |
| 10 | 419928 | 204199287 | 自科二线404/309社科库 84排1列2层/ [索取号:J412.9/Y.458] | 在馆 |